| 000 | 00465nam a22001697a 4500 | ||
|---|---|---|---|
| 005 | 20170915104502.0 | ||
| 008 | 170915b xxu||||| |||| 00| 0 eng d | ||
| 020 | _a076791581x | ||
| 040 | _cPK-LaUMT | ||
| 082 |
_a616.8582 _bSTO-S |
||
| 100 | _aStout, Martha | ||
| 245 |
_aThe sociopath next door : _bthe ruthless versus the rest of us / _cMartha Stout |
||
| 260 |
_aNew York : _bBroadway Books, _c2005 |
||
| 300 | _a241 p. | ||
| 650 | _aPsychopaths | ||
| 942 | _cBK | ||
| 999 |
_c98184 _d98184 |
||